01485cam a22002651 45000010005000000030008000050050017000130080039000300350018000690350018000870400032001050410008001370820020001451000047001652450158002122600061003703000019004315000185004505000423006355040031010585200019010895260014011086500047011227100050011695157BD-RjUL20211208234023.0131224s19621958pau b 001 0 eng a(BD-RjUL)5193 a(OCoLC)498572 aDLCcODaWUdOCoLCdDLCbeng aeng a351.1bSWE 19621 aSweeney, Stephen B.q(Stephen Binnington),10aEducation for administrative careers in government service. /cStephen B. Editor: Sweeney. Assistant editor: Thomas J. Davy. Consultant: Lloyd M. Short. aPhiladelphia ;bUniversity of Pennsylvania Press,c1962. a366 p.c22 cm. a"One of a series commemorating the 75th anniversary of the Wharton School and the 20th anniversary of the Fels Institute of Local and State Government, University of Pennsylvania." a"Presents the results of a research-conference program conducted during 1956-1957 ... The program was a cooperative effort of the American Society for Public Administration, the International City Managers' Association, and the Fels Institute of Local and State Government, University of Pennsylvania ... The academic staff of the Fels Institute did the research and prepared the initial drafts of the working papers." aBibliographical footnotes. aIncludes index bSociology 0aPublic administrationxStudy and teaching.2 aFels Institute of Local and State Government.